000 00649nam a22001937a 4500
003 OSt
005 20260421030356.0
008 260421b |||||||| |||| 00| 0 eng d
020 _a9812-53-087-8
040 _aDWC-Main lib.
_cOC
082 _aCirc. 500 T786 2004
100 _aTrefil, James S.
245 _aThe sciences :
_ban integrated approach/
_cJames S. Trefil
260 _aN.J. ;
_bJohn Wiley & Sons, Inc.,
_cc2004.
300 _axxiii, varous paging :
_billustrations ;
_c25 cm.
504 _aIncludes bibliographical references and index.
650 _a1. Science - Study and teaching (Higher).
942 _2ddc
_cBK-CIRC
_hCirc.
_n0
999 _c9531
_d9531